Experiment alebo anketa? Získavanie kvalitných dát vďaka systematickému experimentálnemu testovaniu

Potreba využívania komplexnejších prístupov, akým je systematické testovanie pred zavedením nových intervencii. Rozdiely medzi experimentálnym testovaním a anketovým prieskumom. Príčiny budúceho neúspechu, potrebné zmeny v nastaveniach pre dosiahnutie požadovaných výsledkov.

Gespeichert in:
Bibliographische Detailangaben
1. Verfasser: Fehérová, Martina, 1992-
Format: Buchkapitel
Sprache:Slowakisch
Schlagworte:
Tags: Tag hinzufügen
Keine Tags, Fügen Sie das erste Tag hinzu!

MARC

LEADER 00000naa a2200000 4500
001 0262869
005 20200303092611.3
041 0 |a slo 
044 |a SK 
245 1 0 |a Experiment alebo anketa? Získavanie kvalitných dát vďaka systematickému experimentálnemu testovaniu  |c Martina Fehérová 
520 |a Potreba využívania komplexnejších prístupov, akým je systematické testovanie pred zavedením nových intervencii. Rozdiely medzi experimentálnym testovaním a anketovým prieskumom. Príčiny budúceho neúspechu, potrebné zmeny v nastaveniach pre dosiahnutie požadovaných výsledkov. 
610 2 0 |a experimenty 
610 2 0 |a ankety 
610 2 0 |a prieskum 
610 2 0 |a testovanie hypotéz 
610 2 0 |a dáta 
100 1 |a Fehérová, Martina, 1992-